000 00433nam a22001577a 4500
020 _a978-81-7381-723
082 _a823
_bVER/T
100 _aVERNE, JULES
245 _aTWENTY THOUSAND LEAGUES UNDER THE SEA
_bSHORT STORY
246 _aTWENTY THOUSAND LEAGUES UNDER THE SEA
_bSHORT STORY
260 _aKOLKATA
_bNEW CENTRAL BOOK AGENCY (P) LTD
_c2012
300 _a178
520 _aSHORT STORY
650 _aSHORT STORY
942 _cBK
999 _c2955
_d2955